000 00792nam a22002297a 4500
003 UA-OsUOA
001 75607
007 ta
008 20110527b un ||||| |||| 00| 0 ukr d
100 _aМироненко В.
700 _aМироненко Г.
090 _a330(477)
_bМ64
942 _cSA
040 _aUA-OsUOA
_bukr
_cUA-OsUOA
_dUA-OsUOA
245 _aПерспективи розвитку національної системи іпотечного кредитування з урахуванням зарубіжного досвіду
300 _aС.38
955 _a0
041 _aukr
080 _a330(477)
773 0 _w75599
_tВісник Національного банку України
_dК.
_d2011
_g5
650 7 _a330 Економіка взагалі
_2UDC
999 _c361904
_d361904